| 000 | 00711nam a2200205 u 4500 | ||
|---|---|---|---|
| 005 | 20220604063712.0 | ||
| 008 | 150921s2015 r 000 0 eng d | ||
| 020 | _a9786077291626 | ||
| 035 | _aUPN01000205891 | ||
| 049 | _aCG | ||
| 050 | 4 |
_aKGF3003 _bB7.3 |
|
| 100 | 1 |
_aBrito Melgarejo, Rodrigo _938944 |
|
| 245 | 1 | 3 |
_aLa acción de inconstitucionalidad como mecanismo de protección de los derechos humanos / _cRodrigo Brito Melgarejo. |
| 260 |
_aMéxico : _bCNDH, _c2015. |
||
| 300 | _a57 p. | ||
| 440 | 0 |
_aColección sobre la protección constitucional de los derechos humanos ; _v15 |
|
| 650 | 4 |
_aDerechos humanos _zMéxico _95183 |
|
| 651 | 4 |
_aMEXICO - _xDERECHO CONSTITUCIONAL _910986 |
|
| 905 | _aLibro | ||
| 999 |
_c177992 _d177992 |
||